Statistics for JToH towers by alphabetical order

Click here to take the quiz!

General Stats

  • This quiz has been taken 130 times
    (64 since last reset)
  • The average score is 114 of 373

Answer Stats

ShortenTower Name% Correct
ToATower of Anger
59%
ToKTower of Killjoys
59%
SoCSteeple of Climbing
57%
ToHTower of Hecc
57%
ToJTower of Jazz
57%
SoARSteeple of Aquatic Rallies
55%
SoBJSteeple of Beginner's Journey
55%
ToASTTower of Annoyingly Simple Trials
55%
ToMTower of Madness
55%
ToSTower of Stress
55%
SoAPSteeple of Atmospheric Powers
52%
ToCTower of Confusion
52%
CoLSCitadel of Laptop Splitting
48%
SoBASteeple of Buoyant Automations
48%
TTThanos Tower
48%
ToFTower of Fatness
48%
ToJGFTower of Jolly Good Fun
48%
ToRTower of Rage
48%
CoPCitadel of Peril
45%
SoPSteeple of Pursuit
45%
ToDDTower of Deep Darkness
45%
ToKYTower of Keyboard Yeeting
45%
ToLTower of Linonophobia
45%
ToPTower of Peace
45%
SoAUSteeple of Abyssal Upturn
43%
SoBTSteeple of Biome Traversing
43%
SoLWSteeple of Low Woe
43%
SoNSteeple of Nightfall
43%
SoURSteeple of Uninstalling Roblox
43%
ToAAATower of Astronomically Aimless Annoyances
43%
ToBTTower of Bent Trauma
43%
ToBHTower of Big Hole
43%
ToETower of Elysium
43%
ToIETower of Impossible Expectations
43%
ToITower of Inception
43%
ToLDTower of Lotsa Damage
43%
ToOHTower of Overcoming Hatred
43%
ToPSTower of Phone Snapping
43%
ToTSTower of True Skill
43%
SoCASteeple of Crystal Ascension
41%
SoDISteeple of Desolate Isles
41%
SoHPSteeple of Huge Pain
41%
SoMDSteeple of Meaningless Decisions
41%
ToAATower of Aamos' Anger
41%
ToAETower of Astral Eclipse
41%
ToAMTower of Augmented Misery
41%
ToBTower of Buttons
41%
ToDIETower of Descent Into Exile
41%
ToDTower of Despair
41%
ToDCTower of Difficulty Chart
41%
ToDaDTower of Dust and Decay
41%
ToERTower of Elongated Runs
41%
ToFaFTower of Falling and Failing
41%
ToHSTower of Hands Sweating
41%
ToHHTower of Hopeless Hell
41%
ToLLTower of Leaning Ledges
41%
NEATNot Even A Tower
39%
SoOSteeple of Overgrowth
39%
SoTPSteeple of Towering Pillars
39%
SoWPSteeple of Wall Punching
39%
ToADFTower of A Depressing Future
39%
ToAFTower of Astral Fusion
39%
ToBBBTower of Beat Block Berserk
39%
ToBKTower of Bloodthirsty Kenos
39%
ToBBTower of Broken Bricks
39%
ToCRTower of Champion's Road
39%
ToCPTower of Cruel Punishment
39%
ToCATower of Curved Ascent
39%
ToDTTower of Double Trouble
39%
ToFFTower of Floral Fury
39%
ToFTTower of Funny Thoughts
39%
ToG(M)Tower of Grass
39%
ToIMTower of Impossible Movement
39%
ToNGUETower of Never Giving Up, Ever
39%
ToOTower of Oblivion
39%
ToSPTower of Screen Punching
39%
ToTTower of Traps
39%
ToWERTower of Winning Every Run
39%
CoWSCitadel of Wacky Strategy
36%
MATMaybe A Tower
36%
SoASSteeple of Astounding Sorcery
36%
SoDSSteeple of Devil's Snare
36%
SoDDSteeple of Dusty Dunes
36%
SoFMSteeple of Fading Memories
36%
SoFFSteeple of Feudal Foliage
36%
SoLIQSteeple of Lost In Quiescence
36%
SoMCSteeple of Magical Collaborations
36%
SoMMSteeple of Mystical Marine
36%
ToCaSTower of Cogs and Steam
36%
ToCHTower of Cold Hands
36%
ToCCCTower of Cracked, Crushed Cubes
36%
ToESTower of Eternal Suffering
36%
ToEVTower of Eternal Void
36%
ToEHTower of Extreme Hell
36%
ToFaCTTower of Frightening and Confusing Trials
36%
ToFaSTTower of Fun and Simple Trials
36%
ToGGTower of Getting Gnomed
36%
ToLOZTower of Losing Our Zeal
36%
ToMDCTower of Modernistic Design Choices
36%
ToTBTower of Terrifying Beauty
36%
CoIVCitadel of Infinite Void
34%
SoFWSteeple of Flourishing Wastelands
34%
SoROSteeple of Realm Odyssey
34%
SoWCSteeple of Witch Calamity
34%
TATTotally A Tower
34%
ToARTower of Alien Radiance
34%
ToADTower of Atlantic Depths
34%
ToBFTower of Blind Fate
34%
ToBIBITower of Break It, Buy It
34%
ToCaUPTower of Cruel and Unusual Punishment
34%
ToDDDTower of Dance Dance Destruction
34%
ToDETower of Dangerous Expeditions
34%
ToDSTower of Deep Sighing
34%
ToEDTower of Extreme Dystopia
34%
ToFNTower of Frightening Nightmares
34%
ToGKDTower of Getting Kinda Disappointed
34%
ToIBTower of Icy Blizzards
34%
ToIITower of Immense Ire
34%
ToMITTower of Melons In Time
34%
ToMBTower of Mind Breaking
34%
ToMHTower of Mirrored Hecc
34%
ToNSTower of Nervous Sweating
34%
ToNEDTower of Never Ending Dizziness
34%
ToNVTower of Nice Views
34%
ToNTower of Niflheim
34%
ToNRTower of No Return
34%
ToPCTower of Pure Chroma
34%
ToSDTower of Shattered Dreams
34%
ToTMTower of Terrible Mondays
34%
ToYTower of Yore
34%
CoLCitadel of Lethargy
32%
SoCFSteeple of Cliffside Falls
32%
SoHSSteeple of Hallucinatory Spectacles
32%
SoIFSteeple of Infectious Foliage
32%
SoMESteeple of Magical Elements
32%
SoOASteeple of Overgrown Ascension
32%
SoSISSteeple of Sunny Island Shenanigans
32%
SoTCSteeple of Twisted Crystals
32%
ToAZTower of Arcanium Zenturing
32%
ToBaBTTower of Brutal and Bizarre Torment
32%
ToCOFTower of Client Object Frenzy
32%
ToCOTower of Contractual Obligations
32%
ToCNTower of Corrupted Nightmares
32%
ToDHTower of Dimensional Hopping
32%
ToDaCTower of Dreams and Caverns
32%
ToFMTower of Fractured Memories
32%
ToFGTower of Funky Grooves
32%
ToGFTower of Generation Failure
32%
ToGaHTower of Glitching and Healing
32%
ToGOTower of Great Overcomings
32%
ToGLATower of Ground Level Ascension
32%
ToIFTower of Inevitable Failure
32%
ToICTower of Inverted Colours
32%
ToOLCTower of Overthinking Life Choices
32%
ToPHaTTower of Peaceful Happiness and Tranquility
32%
ToPZTower of Polychromatic Zero
32%
ToSFUTower of Six Feet Under
32%
ToSOTower of Suffering Outside
32%
ToSSSSTower of Super Stupid Security Systems
32%
ToTFTower of Table Flipping
32%
ToTHTower of Tokyo Heights
32%
ToTCTower of Triangular Covering
32%
ToTTTower of Triangular Terror
32%
ToUTower of Ultraviolet
32%
ToUHTower of Unsettling Heights
32%
ToVTower of Versatility
32%
WATWas A Tower
32%
CoGSCitadel of Green Stuff
30%
CoHaDCitadel of Heights and Depths
30%
CoUCitadel of Uneasiness
30%
CoWNCitadel of Weird Nostalgia
30%
PATPossibly A Tower
30%
SoQ(M)Steeple of Questions
30%
SoUBSteeple of Underlying Breezes
30%
SoVVSteeple of Various Vivariums
30%
ToAVTower of Absolute Vexation
30%
ToATTower of Ancient Trickery
30%
ToACTower of Aquatic Contemplation
30%
ToBCTower of Brief Challenges
30%
ToBSTower of Bright Serenity
30%
ToCMCTower of Cone Mesh Climbing
30%
ToCFTower of Conflicting Frontiers
30%
ToDRTower of Dispersed Rooms
30%
ToDATower of Distorted Aerodynamics
30%
ToDMTower of Downward Mobility
30%
ToETTower of Elevator Travelling
30%
ToEITower of Externalizing Insanity
30%
ToEATower of Extraordinary Adventures
30%
ToEETower of Extraterrestrial Enchantment
30%
ToGVTower of Galactic Voyage
30%
ToGDTower of Great Displeasure
30%
ToHATower of High Adrenaline
30%
ToHFTower of Holy Flip
30%
ToIATower of Icy Adventures
30%
ToIOTower of Infuriating Obstacles
30%
ToIIITower of Insanely Innovative Ideas
30%
ToMCTower of Menacing Creations
30%
ToMMTower of Micro Management
30%
ToMATower of Mild Agitation
30%
ToNBATower of Needing Basic Aptitude
30%
ToNEFTower of Never Ending Fun
30%
ToQTTower of Questionable Trials
30%
ToRCTower of Rock Climbing
30%
ToSaSTower of Slipping and Sliding
30%
ToTLTower of Thinning Layers
30%
ToUIDTower of Up Is Down
30%
ToVHTower of Vacant Hindrances
30%
ToWHTower of Wall Hugging
30%
ToXTower of Xanthophobia
30%
ToYSTower of Yearning Success
30%
WBATWill Be A Tower
30%
CoCHSCitadel of Constant Heart Stopping
27%
CoTECitadel of True Exasperation
27%
CoTaWCitadel of Twists and Weirdness
27%
SoAE(M)Steeple of Adventurous Explorations
27%
SoUCSteeple of Upright Cliffs
27%
ToASTower of Angled Scenery
27%
ToAOTower of Anticlimactic Outcomes
27%
ToCMTower of Chaotic Moments
27%
ToCITower of Cyclonic Isles
27%
ToDLTower of Diverging Layers
27%
ToEPTower of Environmental Pain
27%
ToFLTower of Feeling Lazy
27%
ToFOTower of Fractured Obstacles
27%
ToFJTower of Friendly Jumps
27%
ToGTTower of Guided Trials
27%
ToHLTower of Hazardous Laddering
27%
ToHKTower of Heiwana Kaze
27%
ToHETower of Horrifying Experiences
27%
ToISTower of Increasing Stress
27%
ToISCTower of Intense Solar Chaos
27%
ToMOTower of Massive Overheating
27%
ToNPTower of Nonsensical Platforms
27%
ToOCTower of Obvious Chaos
27%
ToONTower of One Nine
27%
ToOOOTower of Orientating Oscillating Opinions
27%
ToODTower of Overestimating Difficulty
27%
ToPPTower of Pastel Pillars
27%
ToQCTower of Quirky Contraptions
27%
ToRRTower of Radiant Realms
27%
ToRSTower of Rigid Success
27%
ToRWTower of Rough Waters
27%
ToSHTower of Spiralling Heights
27%
ToSTSTower of Stairs To Spare
27%
ToSMTower of Strategic Mechanics
27%
ToSVTower of Sweet Victory
27%
ToSaPSTower of Swift and Precise Sections
27%
ToTRPTower of The Roof's Pique
27%
ToTaSMTower of Time and Space Manipulation
27%
ToTJTower of Triple Jeopardy
27%
ToUATower of Uncanny Agony
27%
ToUITower of Uncontrollable Ire
27%
ToUDTower of Unearthed Discoveries
27%
ToWELTower of Wanting Extra Levels
27%
ToYVTower of Yearning Victory
27%
ToZDTower of Zero Disturbances
27%
ToZTower of Zespluz
27%
CoQCitadel of Quadrilaterals
25%
CoSRCitadel of Scythe Recognition
25%
CoTSCitadel of Tricky Situations
25%
ITATIs This A Tower?
25%
LATLikely A Tower
25%
ToAP(M)Tower of Annoying Paths
25%
ToATDTower of A Tetromino Disaster
25%
ToBRTower of Bygone Relic
25%
ToCCTower of Collective Collaborations
25%
ToCSTower of Compact Spaces
25%
ToCTTower of Cosmic Tides
25%
ToCETower of Cylindrical Extensions
25%
ToEWTower of Excessive Weirdness
25%
ToFSCTower of Fairly Simple Challenges
25%
ToGMTower of Growing Madness
25%
ToHMTower of Hefty Magnitude
25%
ToMLTower of Manic Lows
25%
ToMTTower of Mean Tasks
25%
ToMIMTower of Mechanically Induced Mayhem
25%
ToOOTower of Odd Odyssey
25%
ToOVTower of Overbearing Vertigo
25%
ToPATower of Perilous Antipode
25%
ToPFTower of Pleasant Fantasies
25%
ToPaG(M)Tower of Potency and Greatness
25%
ToRCHTower of Requiring Critical Help
25%
ToRBTower of Rushed Building
25%
ToSSTower of Shifting Slopes
25%
ToSATower of Slanted Anticipation
25%
ToSSSTower of Somewhat Simple Scaling
25%
ToSFTower of Spiralling Fates
25%
ToTDATower of The Dripping Amalgam
25%
ToTVTower of Tornado Vehemence
25%
ToUTTower of Ultimately Terrifying
25%
ToVETower of Verdant Entropy
25%
ToWMTower of Water Melon
25%
ToWaWTower of Witchcraft and Wizardry
25%
ToXICTower of Xerically Infuriating Calamity
25%
CoACTCitadel of A Cruel Tale
23%
CoISCitadel of Inside Situations
23%
CoMaV(M)Citadel of Monochrome and Vibrance
23%
CoPECitadel of Pyramid Escapades
23%
SoJT(M)Steeple of Jungle Thrill
23%
ToASH(M)Tower of A Splitting Headache
23%
ToDI(M)Tower of Demonic Inspiration
23%
ToDFTower of Destructive Fever
23%
ToFDTower of Foreign Domains
23%
ToFVTower of Fractal Volution
23%
ToFHF(M)Tower of Fun House Frenzy
23%
ToISCR(M)Tower of Is Steeple Crossing Required?
23%
ToOSE(M)Tower of Outer Space Exploration
23%
ToRNITower of Really Nasty Ideas
23%
ToRERTower of Rough Endoplasmic Reticulum
23%
ToSITower of Slight Inconvenience
23%
ToSTTower of Sovereign Traveling
23%
ToSBC(M)Tower of Stained, Brutal Calamity
23%
ToTTTTower of Traversing The Tropics
23%
ToTATower of Troublesome Adventures
23%
ToUGH(M)Tower of Unfaithful Great Heights
23%
ToUETower of Unhealthy Escalation
23%
ToVATower of Vibrant Adventures
23%
ToVFTower of Voluminous Framework
23%
ToWTower of Watts
23%
ToWWTower of Wicked Wedges
23%
ToXMTower of X Madness
23%
CoCRCitadel of Contrasting Regions
20%
CoCECitadel of Corporate Enterprise
20%
SoPN(M)Steeple of Pool Noodle
20%
ToAaD(M)Tower of Ascension and Descension
20%
ToCD(M)Tower of Celestial Darkness
20%
ToDW(M)Tower of Disjointed Worlds
20%
ToFRTower of Flame Restoration
20%
ToFSTower of Flustering Sections
20%
ToFC(M)Tower of Frame Carvings
20%
ToFCD(M)Tower of Freezing Cold Dreams
20%
ToSTR(M)Tower of Slipping Through Reality
20%
ToTEMTower of Tallying Every Mistake
20%
ToTME(M)Tower of The Mind Electric
20%
ToTITower of Twisted Inquisition
20%
ToUSTower of Uneasy Scaling
20%
ToVMTower of Vindictive Maneuvers
20%
ToWSTower of White Space
20%
ToZATower of Zany Architecture
20%
ToCCQ(M)Tower of Close Cut Quandaries
18%
ToCS(M)Tower of Coolio Sliding
18%
ToFA(M)Tower of Fast Acceleration
18%
ToSF(M)Tower of Spaceship Finding
18%
ToSB(M)Tower of Stalactite Boundaries
18%
ToTSTTower of Two Sided Troubles
18%
SoNE(M)Steeple of Nefarious Essence
16%
SoOP(M)Steeple of Oversized Picking
16%
ToFaNS(M)Tower of Fair and Nice Serenity
16%
ToIV(M)Tower of Intergalactic Voyages
16%
ToMD(M)Tower of Medium Demon
16%
ToMI(M)Tower of Mild Irritation
16%
ToSCP(M)Tower of Savory Citrus Platforming
16%
ToSETower of Shunning Excursion
16%
ToWP(M)Tower of Wacky Progression
16%
ToBA(M)Tower of Basement Antics
14%
ToMR(M)Tower of Many Realms
14%
ToNA(M)Tower of Nebulous Attitudes
14%
ToND(M)Tower of No Distress
14%
ToNH(M)Tower of Numb Hands
14%
ToOT(M)Tower of Onerous Traversing
14%
ToOE(M)Tower of Optimistic Experiences
14%
ToPV(M)Tower of Peaceful Vibes
14%
ToPT(M)Tower of Placid Travels
14%
ToPO(M)Tower of Pushing Objects
14%
ToSET(M)Tower of Slowly Escalating Tension
14%
ToVR(M)Tower of Various Routes
14%
ToVC(M)Tower of Violet Contradiction
14%
ToCE(M)Tower of Convoluted Expanses
11%
ToFM(M)Tower of Fading Misery
11%
ToMS(M)Tower of Menacing Stairway
11%
ToSIO(M)Tower of Stunning Inconsistent Obstacles
11%
ToSG(M)Tower of Subtle Graciousness
11%
ToTEP(M)Tower of Truly Extensive Pillars
11%

Score Distribution

Percentile by Number Answered

Percent of People with Each Score

Your Score History

You have not taken this quiz since the last reset